Osiedla Olsztyna z mapą - Statystyki

Ogólne statystyki
  • Ten quiz został rozwiązany 115 razy
  • Średni wynik to 14 z 23
Odpowiedzi na mapie
Odpowiedzi zakodowano w zielono-czerwonej skali na mapie do tego quizu, zgodnie z poniższymi procentami.
 
Statystyki odpowiedzi
Litera Osiedle % Poprawnych
J Jaroty
88%
Z Zatorze
86%
Ś Śródmieście
82%
D Dajtki
77%
K Kormoran
77%
K Kortowo
75%
R Redykajny
75%
N Nagórki
74%
P Pieczewo
74%
G Gutkowo
69%
G Generałów
63%
L Likusy
63%
B Brzeziny
62%
M Mazurskie
57%
N Nad Jeziorem Długim
52%
P Podgrodzie
52%
P Podleśna
51%
P Pojezierze
51%
K Kętrzyńskiego
48%
W Wojska Polskiego
48%
G Grunwaldzkie
43%
Z Zielona Górka
40%
K Kościuszki
34%
Nie znaleziono quizów pasujących do podanych kryteriów
Rozkład punktacji
Procent ludzi z każdym wynikiem
Percentyl według liczby udzielonych odpowiedzi
Twoja historia wyników
Nie rozwiązałeś tego quizu